[Event "DEM U10 2020"]
[Site "Willingen GER"]
[Date "2020.10.31"]
[Round "7"]
[White "Herrmann, Jakob"]
[Black "Besou, Hussain"]
[Result "0-1"]
[Termination "normal"]
[Board "1"]
[WhiteElo "1504"]
[BlackElo "1825"]
[WhiteClock "00:06:29"]
[BlackClock "00:57:08"]
[PlyCount "52"]
[WhiteFideId "16287169"]
[BlackFideId "16269950"]
[EventCountry "GER"]
[EventRounds "7"]
[EventType "swiss"]
[EventDate "2020.10.26"]

1. e4 {[%clk 1:15:54]} c5 {[%clk 1:15:51]} 2. Nf3 {[%clk 1:16:11]} Nc6 {[%clk
1:16:13]} 3. d4 {[%clk 1:15:35]} cxd4 {[%clk 1:16:35]} 4. Nxd4 {[%clk 1:15:56]}
g6 {[%clk 1:17:00]} 5. Nc3 {[%clk 1:15:33]} Bg7 {[%clk 1:17:19]} 6. Be3 {[%clk
1:15:47]} Nf6 {[%clk 1:17:24]} 7. f3 {[%clk 1:12:43]} O-O {[%clk 1:17:12]} 8.
Bc4 {[%clk 1:12:23]} Qb6 {[%clk 1:17:09]} 9. Qd2 {[%clk 1:03:20]} Nxe4 {[%clk
1:17:33]} 10. fxe4 {[%clk 0:53:51]} Bxd4 {[%clk 1:17:56]} 11. Bxd4 {[%clk
0:53:32]} Qxd4 {[%clk 1:17:57]} 12. Qe2 {[%clk 0:52:15]} a6 {[%clk 1:17:48]}
13. Bd3 {[%clk 0:38:57]} d6 {[%clk 1:17:49]} 14. O-O-O {[%clk 0:39:13]} Qe5
{[%clk 1:17:58]} 15. Rdf1 {[%clk 0:36:45]} b5 {[%clk 1:17:50]} 16. Kb1 {[%clk
0:31:01]} Be6 {[%clk 1:12:06]} 17. g4 {[%clk 0:23:00]} Nd4 {[%clk 1:09:18]} 18.
Qg2 {[%clk 0:23:08]} b4 {[%clk 1:07:59]} 19. Nd1 {[%clk 0:20:38]} a5 {[%clk
1:07:44]} 20. Ne3 {[%clk 0:20:16]} a4 {[%clk 1:07:13]} 21. Bc4 {[%clk 0:11:39]}
Bxc4 {[%clk 0:59:36]} 22. Nxc4 {[%clk 0:12:02]} Qe6 {[%clk 1:00:01]} 23. Nb6
{[%clk 0:11:13]} Ra7 {[%clk 0:57:08]} 24. Qd2 {[%clk 0:10:27]} Qxe4 {[%clk
0:56:36]} 25. Re1 {[%clk 0:08:14]} Nf3 {[%clk 0:56:44]} 26. Rxe4 {[%clk
0:06:29]} Nxd2+ {[%clk 0:57:08]} 0-1

[Event "DEM U10 2020"]
[Site "Willingen GER"]
[Date "2020.10.31"]
[Round "7"]
[White "Lu, Yunong Elias"]
[Black "Goldmann, David"]
[Result "1/2-1/2"]
[Termination "normal"]
[Board "3"]
[WhiteElo "1521"]
[BlackElo "1644"]
[WhiteClock "00:20:54"]
[BlackClock "00:34:49"]
[PlyCount "107"]
[WhiteFideId "16276426"]
[BlackFideId "16268920"]
[EventCountry "GER"]
[EventRounds "7"]
[EventType "swiss"]
[EventDate "2020.10.26"]

1. e4 {[%clk 1:15:50]} c5 {[%clk 1:15:56]} 2. d4 {[%clk 1:15:55]} cxd4 {[%clk
1:16:16]} 3. c3 {[%clk 1:16:15]} d3 {[%clk 1:16:39]} 4. Nf3 {[%clk 1:16:14]}
Nc6 {[%clk 1:16:53]} 5. Bf4 {[%clk 1:16:27]} e6 {[%clk 1:16:44]} 6. Nbd2 {[%clk
1:16:06]} Nf6 {[%clk 1:16:34]} 7. Bxd3 {[%clk 1:16:19]} Bc5 {[%clk 1:16:37]} 8.
O-O {[%clk 1:16:02]} O-O {[%clk 1:16:56]} 9. Qc2 {[%clk 1:14:20]} Nh5 {[%clk
1:15:39]} 10. Bg3 {[%clk 1:13:48]} Nxg3 {[%clk 1:15:49]} 11. hxg3 {[%clk
1:13:58]} h6 {[%clk 1:14:42]} 12. Nb3 {[%clk 1:13:36]} Bb6 {[%clk 1:13:54]} 13.
Nbd4 {[%clk 1:11:07]} Bxd4 {[%clk 1:09:45]} 14. cxd4 {[%clk 1:09:40]} Nb4
{[%clk 1:09:37]} 15. Qe2 {[%clk 1:09:45]} Nxd3 {[%clk 1:09:58]} 16. Qxd3 {[%clk
1:09:47]} d6 {[%clk 1:09:51]} 17. Rac1 {[%clk 1:09:26]} Bd7 {[%clk 1:09:45]}
18. Rc3 {[%clk 1:09:23]} Qb6 {[%clk 1:10:05]} 19. Qd2 {[%clk 1:09:21]} Rac8
{[%clk 1:08:41]} 20. Rfc1 {[%clk 1:07:56]} Rc6 {[%clk 1:08:24]} 21. d5 {[%clk
1:07:20]} Rxc3 {[%clk 1:07:33]} 22. bxc3 {[%clk 1:07:22]} e5 {[%clk 1:07:42]}
23. Qc2 {[%clk 1:06:49]} f5 {[%clk 1:06:32]} 24. c4 {[%clk 1:04:27]} fxe4
{[%clk 1:06:24]} 25. Qxe4 {[%clk 1:04:34]} Bf5 {[%clk 1:06:24]} 26. Qe2 Bd7
{[%clk 1:05:19]} 27. Qe4 {[%clk 1:04:12]} Bf5 {[%clk 1:05:13]} 28. Qe2 {[%clk
1:04:32]} Bh7 {[%clk 1:04:36]} 29. Qd2 {[%clk 0:57:45]} Qc5 {[%clk 1:04:07]}
30. Qb2 {[%clk 0:56:49]} b6 {[%clk 1:03:37]} 31. Ne1 {[%clk 0:46:52]} Rf7
{[%clk 0:59:49]} 32. a4 {[%clk 0:45:17]} g5 {[%clk 0:55:04]} 33. Nf3 {[%clk
0:43:58]} Bg6 34. Nh2 {[%clk 0:43:32]} Kh7 {[%clk 0:48:39]} 35. Ng4 {[%clk
0:43:31]} a6 {[%clk 0:46:57]} 36. Ne3 {[%clk 0:43:40]} Rc7 {[%clk 0:47:14]} 37.
Rc3 {[%clk 0:41:06]} b5 {[%clk 0:46:52]} 38. axb5 {[%clk 0:40:38]} axb5 39. Qc1
{[%clk 0:33:59]} b4 {[%clk 0:46:30]} 40. Rb3 {[%clk 0:32:16]} Ra7 {[%clk
0:44:44]} 41. Qb2 {[%clk 0:31:40]} Ra4 {[%clk 0:44:55]} 42. Kh2 {[%clk
0:31:16]} Qa5 {[%clk 0:44:22]} 43. Qd2 {[%clk 0:29:38]} Qc5 {[%clk 0:42:36]}
44. Qb2 {[%clk 0:30:00]} h5 {[%clk 0:38:03]} 45. Qd2 {[%clk 0:27:50]} Qd4
{[%clk 0:38:04]} 46. Qe2 {[%clk 0:24:14]} Qc5 {[%clk 0:36:58]} 47. Qd2 {[%clk
0:22:31]} Qa5 {[%clk 0:36:21]} 48. Qe1 {[%clk 0:21:48]} Qc5 {[%clk 0:35:34]}
49. Qd2 {[%clk 0:20:51]} Qd4 {[%clk 0:35:57]} 50. Qe2 {[%clk 0:21:08]} Qa1
{[%clk 0:35:26]} 51. Nf5 {[%clk 0:20:00]} Bxf5 {[%clk 0:33:56]} 52. Qxh5+
{[%clk 0:20:22]} Kg7 {[%clk 0:34:20]} 53. Qxg5+ {[%clk 0:20:46]} Bg6 {[%clk
0:34:49]} 54. Qe7+ {[%clk 0:20:54]} 1/2-1/2

[Event "DEM U10 2020"]
[Site "Willingen GER"]
[Date "2020.10.31"]
[Round "7"]
[White "Aweh, Mads"]
[Black "Geist, Tim"]
[Result "0-1"]
[Termination "normal"]
[Board "9"]
[WhiteElo "1328"]
[BlackElo "1578"]
[WhiteClock "00:49:19"]
[BlackClock "01:00:22"]
[PlyCount "132"]
[WhiteFideId "34604278"]
[BlackFideId "34604324"]
[EventCountry "GER"]
[EventRounds "7"]
[EventType "swiss"]
[EventDate "2020.10.26"]

1. d4 {[%clk 1:15:58]} e6 {[%clk 1:15:19]} 2. Bf4 {[%clk 1:16:14]} d5 {[%clk
1:15:20]} 3. e3 {[%clk 1:16:21]} c5 {[%clk 1:15:18]} 4. c3 {[%clk 1:16:30]} Nf6
{[%clk 1:15:06]} 5. Nf3 {[%clk 1:16:35]} Bd6 {[%clk 1:14:40]} 6. Bxd6 {[%clk
1:16:24]} Qxd6 {[%clk 1:15:05]} 7. Bd3 {[%clk 1:16:00]} O-O {[%clk 1:15:04]} 8.
O-O {[%clk 1:15:57]} b6 {[%clk 1:14:49]} 9. Nbd2 {[%clk 1:16:14]} Nbd7 {[%clk
1:14:12]} 10. e4 {[%clk 1:14:37]} dxe4 {[%clk 1:13:58]} 11. Nxe4 {[%clk
1:14:52]} Nxe4 {[%clk 1:13:56]} 12. Bxe4 {[%clk 1:15:12]} Rb8 {[%clk 1:14:04]}
13. Qc2 {[%clk 1:13:59]} f5 {[%clk 1:11:47]} 14. Bd3 {[%clk 1:13:34]} Bb7
{[%clk 1:11:19]} 15. Be2 {[%clk 1:12:40]} Rbc8 {[%clk 1:10:18]} 16. dxc5 {[%clk
1:12:28]} Nxc5 {[%clk 1:10:12]} 17. Rad1 {[%clk 1:11:55]} Qc7 {[%clk 1:09:45]}
18. Nd4 {[%clk 1:10:35]} Kh8 {[%clk 1:08:15]} 19. Bc4 {[%clk 1:07:03]} e5
{[%clk 1:08:02]} 20. Ne6 {[%clk 1:06:41]} Nxe6 {[%clk 1:07:05]} 21. Bxe6 {[%clk
1:06:59]} Be4 {[%clk 1:07:15]} 22. Qb3 {[%clk 1:06:09]} Rcd8 {[%clk 1:06:45]}
23. Bd5 {[%clk 1:05:05]} Bxd5 {[%clk 1:05:41]} 24. Rxd5 {[%clk 1:05:04]} g6
{[%clk 1:04:41]} 25. Rfd1 {[%clk 1:04:58]} Kg7 {[%clk 1:01:33]} 26. h3 {[%clk
1:03:00]} e4 {[%clk 0:59:47]} 27. Qb4 {[%clk 1:01:48]} Rxd5 {[%clk 0:59:12]}
28. Rxd5 {[%clk 1:02:08]} Qf7 {[%clk 0:59:24]} 29. Qd4+ {[%clk 1:02:12]} Qf6
{[%clk 0:59:43]} 30. Rd7+ {[%clk 1:02:09]} Rf7 {[%clk 0:59:28]} 31. Rxf7+
{[%clk 1:01:58]} Kxf7 {[%clk 0:59:46]} 32. Qxf6+ {[%clk 1:01:36]} Kxf6 {[%clk
1:00:12]} 33. Kf1 {[%clk 1:01:40]} Ke5 {[%clk 1:00:22]} 34. Ke2 {[%clk
1:01:50]} f4 {[%clk 1:00:31]} 35. g3 {[%clk 1:00:00]} g5 {[%clk 1:00:27]} 36.
b3 {[%clk 0:59:38]} a6 {[%clk 0:58:08]} 37. a3 {[%clk 0:56:51]} h6 {[%clk
0:57:15]} 38. Kd2 {[%clk 0:53:13]} Kd5 {[%clk 0:57:04]} 39. Ke2 {[%clk
0:51:41]} b5 {[%clk 0:56:37]} 40. Kd2 {[%clk 0:51:08]} a5 {[%clk 0:56:48]} 41.
Ke2 {[%clk 0:50:55]} Kc5 {[%clk 0:55:29]} 42. h4 {[%clk 0:49:22]} a4 {[%clk
0:55:03]} 43. hxg5 {[%clk 0:46:44]} hxg5 {[%clk 0:55:14]} 44. bxa4 {[%clk
0:46:11]} bxa4 {[%clk 0:55:27]} 45. gxf4 {[%clk 0:46:04]} gxf4 {[%clk 0:55:53]}
46. f3 {[%clk 0:44:46]} e3 {[%clk 0:55:35]} 47. Kd1 {[%clk 0:44:56]} Kc4 {[%clk
0:55:56]} 48. Kc2 {[%clk 0:45:19]} e2 {[%clk 0:55:59]} 49. Kd2 {[%clk 0:45:39]}
e1=Q+ 50. Kxe1 Kxc3 {[%clk 0:56:04]} 51. Ke2 {[%clk 0:45:58]} Kc2 {[%clk
0:56:26]} 52. Ke1 {[%clk 0:46:11]} Kd3 {[%clk 0:56:48]} 53. Kd1 {[%clk
0:46:26]} Ke3 {[%clk 0:57:12]} 54. Kc2 {[%clk 0:46:52]} Kxf3 {[%clk 0:57:37]}
55. Kc3 {[%clk 0:47:16]} Ke2 {[%clk 0:58:02]} 56. Kb4 {[%clk 0:47:41]} f3
{[%clk 0:58:27]} 57. Kxa4 {[%clk 0:48:07]} f2 {[%clk 0:58:50]} 58. Ka5 {[%clk
0:48:24]} f1=Q {[%clk 0:59:11]} 59. a4 {[%clk 0:48:45]} Qb1 {[%clk 0:59:26]}
60. Ka6 {[%clk 0:48:38]} Kd3 {[%clk 0:59:50]} 61. a5 {[%clk 0:48:57]} Kc4
{[%clk 1:00:11]} 62. Ka7 {[%clk 0:49:19]} Kb5 {[%clk 1:00:22]} 63. Ka8 {[%clk
0:49:19]} Kxa5 {[%clk 1:00:22]} 64. Ka7 {[%clk 0:49:19]} Qh7+ {[%clk 1:00:22]}
65. Kb8 {[%clk 0:49:19]} Kb6 {[%clk 1:00:22]} 66. Kc8 {[%clk 0:49:19]} Qc7#
{[%clk 1:00:22]} 0-1

[Event "DEM U10 2020"]
[Site "Willingen GER"]
[Date "2020.10.31"]
[Round "7"]
[White "Pimenov, Danil"]
[Black "Mündörfer, Sebastian"]
[Result "0-1"]
[Termination "normal"]
[Board "15"]
[WhiteElo "1235"]
[BlackElo "1175"]
[WhiteClock "00:56:28"]
[BlackClock "00:56:49"]
[PlyCount "68"]
[WhiteFideId "34600248"]
[BlackFideId "34604367"]
[EventCountry "GER"]
[EventRounds "7"]
[EventType "swiss"]
[EventDate "2020.10.26"]

1. e4 {[%clk 1:15:56]} c5 {[%clk 1:15:57]} 2. Nf3 {[%clk 1:16:22]} g6 {[%clk
1:16:17]} 3. d4 {[%clk 1:16:45]} cxd4 {[%clk 1:16:41]} 4. Nxd4 {[%clk 1:17:07]}
Nc6 {[%clk 1:16:30]} 5. Be3 {[%clk 1:17:30]} Bg7 {[%clk 1:16:54]} 6. Nc3 {[%clk
1:17:34]} Nf6 {[%clk 1:17:10]} 7. Bc4 {[%clk 1:17:26]} Qa5 {[%clk 1:17:34]} 8.
f3 {[%clk 1:17:33]} Qb4 {[%clk 1:17:33]} 9. Bb3 {[%clk 1:17:33]} Nxe4 {[%clk
1:10:48]} 10. Nxc6 {[%clk 1:15:21]} Bxc3+ {[%clk 1:11:02]} 11. bxc3 {[%clk
1:15:19]} Qxc3+ {[%clk 1:10:54]} 12. Ke2 {[%clk 1:14:43]} dxc6 {[%clk 1:10:41]}
13. Bd4 {[%clk 1:14:15]} e5 {[%clk 1:10:49]} 14. Qd3 {[%clk 1:11:33]} Qxd3+
{[%clk 1:09:01]} 15. cxd3 {[%clk 1:11:52]} exd4 {[%clk 1:09:21]} 16. dxe4
{[%clk 1:12:10]} Be6 {[%clk 1:09:00]} 17. Bxe6 {[%clk 1:12:31]} fxe6 {[%clk
1:09:20]} 18. Rhd1 {[%clk 1:11:42]} c5 {[%clk 1:09:32]} 19. e5 {[%clk 1:11:03]}
Ke7 {[%clk 1:09:01]} 20. Kd3 {[%clk 1:09:45]} Rac8 {[%clk 1:09:01]} 21. f4
{[%clk 1:09:12]} Rhd8 {[%clk 1:09:18]} 22. Rdc1 {[%clk 1:09:12]} b6 {[%clk
1:06:38]} 23. a4 {[%clk 1:09:24]} Rd5 {[%clk 1:03:36]} 24. Rab1 {[%clk
1:07:00]} Rb8 {[%clk 1:02:41]} 25. Rb2 {[%clk 1:05:39]} g5 {[%clk 0:59:15]} 26.
Rf1 {[%clk 1:01:02]} gxf4 {[%clk 0:59:19]} 27. Rxf4 {[%clk 1:00:49]} Rf8 {[%clk
0:59:35]} 28. Re4 {[%clk 1:00:00]} Kd7 {[%clk 0:57:49]} 29. g4 {[%clk 0:59:32]}
Rf3+ {[%clk 0:57:43]} 30. Ke2 {[%clk 0:57:11]} Ra3 {[%clk 0:57:58]} 31. h4
{[%clk 0:56:56]} Rxa4 {[%clk 0:57:46]} 32. g5 {[%clk 0:57:01]} Ke7 {[%clk
0:57:36]} 33. Kf1 {[%clk 0:56:08]} Ra1+ {[%clk 0:56:33]} 34. Kg2 {[%clk
0:56:28]} d3 {[%clk 0:56:49]} 0-1

[Event "DEM U10 2020"]
[Site "Willingen GER"]
[Date "2020.10.31"]
[Round "7"]
[White "Klasen, Ennio Rodriguez"]
[Black "Sewerinow, Alexander"]
[Result "1-0"]
[Termination "normal"]
[Board "20"]
[WhiteElo "1297"]
[BlackElo "1202"]
[WhiteClock "00:31:10"]
[BlackClock "00:31:53"]
[PlyCount "59"]
[WhiteFideId "16277414"]
[BlackFideId "34604464"]
[EventCountry "GER"]
[EventRounds "7"]
[EventType "swiss"]
[EventDate "2020.10.26"]

1. e4 {[%clk 1:15:57]} c5 {[%clk 1:15:52]} 2. Nf3 {[%clk 1:14:47]} d6 {[%clk
1:16:12]} 3. h3 {[%clk 1:14:00]} Nf6 {[%clk 1:16:09]} 4. Nc3 {[%clk 1:13:41]}
g6 {[%clk 1:16:02]} 5. Bc4 {[%clk 1:12:54]} Bg7 {[%clk 1:15:04]} 6. O-O {[%clk
1:12:33]} O-O {[%clk 1:13:43]} 7. d3 {[%clk 1:11:44]} Nc6 {[%clk 1:13:36]} 8.
Bg5 {[%clk 1:09:03]} a6 {[%clk 1:10:05]} 9. a4 {[%clk 1:07:35]} a5 {[%clk
1:07:42]} 10. Qd2 {[%clk 1:06:26]} Nb4 {[%clk 1:07:18]} 11. Rad1 {[%clk
0:59:55]} b6 {[%clk 1:07:08]} 12. Rfe1 {[%clk 0:56:03]} Ba6 {[%clk 0:55:36]}
13. Bxa6 {[%clk 0:51:50]} Rxa6 {[%clk 0:53:51]} 14. Re2 {[%clk 0:49:09]} Re8
{[%clk 0:44:20]} 15. Rde1 {[%clk 0:47:38]} Nd7 {[%clk 0:44:25]} 16. Nb5 {[%clk
0:45:24]} Qa8 {[%clk 0:41:16]} 17. Nc7 {[%clk 0:45:04]} Qc8 {[%clk 0:40:59]}
18. Nxe8 {[%clk 0:44:55]} Qxe8 {[%clk 0:41:22]} 19. c3 {[%clk 0:43:05]} Nc6
{[%clk 0:41:35]} 20. d4 {[%clk 0:41:52]} cxd4 {[%clk 0:41:52]} 21. cxd4 {[%clk
0:41:59]} Nb4 {[%clk 0:40:46]} 22. e5 {[%clk 0:40:05]} d5 {[%clk 0:40:11]} 23.
e6 {[%clk 0:39:26]} Nf6 {[%clk 0:36:24]} 24. exf7+ {[%clk 0:39:11]} Qxf7 {[%clk
0:36:28]} 25. Rxe7 {[%clk 0:39:08]} Qf8 {[%clk 0:36:51]} 26. Bxf6 {[%clk
0:38:58]} Qxf6 {[%clk 0:37:11]} 27. R1e6 {[%clk 0:37:38]} Qf5 {[%clk 0:36:07]}
28. Nh4 {[%clk 0:31:30]} Qh5 {[%clk 0:32:59]} 29. Re8+ {[%clk 0:31:10]} Kf7
{[%clk 0:31:53]} 30. Qf4+ 1-0

[Event "DEM U10 2020"]
[Site "Willingen GER"]
[Date "2020.10.31"]
[Round "7"]
[White "Blumenthal Tuset, Sebastian"]
[Black "Hellenbroich, Hanno"]
[Result "1/2-1/2"]
[Termination "normal"]
[Board "22"]
[WhiteElo "1453"]
[BlackElo "1291"]
[WhiteClock "00:28:37"]
[BlackClock "00:36:24"]
[PlyCount "82"]
[WhiteFideId "34604286"]
[BlackFideId "16270762"]
[EventCountry "GER"]
[EventRounds "7"]
[EventType "swiss"]
[EventDate "2020.10.26"]

1. e4 {[%clk 1:15:56]} c5 {[%clk 1:15:45]} 2. Nc3 {[%clk 1:16:19]} d6 {[%clk
1:15:53]} 3. g3 {[%clk 1:15:59]} g6 {[%clk 1:15:38]} 4. Bg2 {[%clk 1:15:13]}
Bg7 {[%clk 1:14:11]} 5. d3 {[%clk 1:12:11]} Nf6 {[%clk 1:14:10]} 6. Be3 {[%clk
1:07:43]} O-O {[%clk 1:11:11]} 7. h3 {[%clk 1:03:33]} Qb6 {[%clk 1:08:50]} 8.
Qc1 {[%clk 1:01:04]} Nbd7 {[%clk 1:08:11]} 9. Nge2 {[%clk 0:58:50]} Nb8 {[%clk
1:02:18]} 10. O-O {[%clk 0:57:10]} Nc6 {[%clk 1:02:30]} 11. Bd2 {[%clk
0:51:15]} Be6 {[%clk 1:00:00]} 12. Rb1 {[%clk 0:44:38]} Qc7 {[%clk 0:57:36]}
13. Bh6 {[%clk 0:42:23]} Nd4 {[%clk 0:54:23]} 14. Nxd4 {[%clk 0:39:07]} cxd4
{[%clk 0:54:35]} 15. Bxg7 {[%clk 0:37:25]} Kxg7 {[%clk 0:53:36]} 16. Nd5 {[%clk
0:36:19]} Bxd5 {[%clk 0:48:58]} 17. exd5 {[%clk 0:36:36]} Rac8 {[%clk 0:49:11]}
18. c3 {[%clk 0:34:44]} dxc3 {[%clk 0:49:17]} 19. Qxc3 {[%clk 0:35:03]} Qxc3
{[%clk 0:49:42]} 20. bxc3 {[%clk 0:35:26]} Rxc3 {[%clk 0:50:06]} 21. Rxb7
{[%clk 0:35:40]} Rxd3 {[%clk 0:48:22]} 22. Rxa7 {[%clk 0:35:26]} Nxd5 {[%clk
0:48:16]} 23. Bxd5 {[%clk 0:35:13]} Rxd5 {[%clk 0:48:19]} 24. Rxe7 {[%clk
0:35:28]} Rd8 {[%clk 0:48:06]} 25. a4 {[%clk 0:34:16]} Ra5 {[%clk 0:48:16]} 26.
Re4 {[%clk 0:33:39]} d5 {[%clk 0:46:57]} 27. Rd4 {[%clk 0:33:58]} Rd7 28. Rb1
Rda7 {[%clk 0:42:21]} 29. Rb5 {[%clk 0:33:07]} Rxa4 {[%clk 0:42:44]} 30. Rxa4
{[%clk 0:33:15]} Rxa4 {[%clk 0:42:58]} 31. Rxd5 {[%clk 0:33:38]} h5 {[%clk
0:42:04]} 32. Kg2 {[%clk 0:32:17]} Ra3 {[%clk 0:41:29]} 33. Re5 {[%clk
0:31:20]} Rb3 {[%clk 0:40:56]} 34. Re3 {[%clk 0:31:27]} Rb4 {[%clk 0:41:08]}
35. Kf3 {[%clk 0:30:32]} Rb2 {[%clk 0:40:18]} 36. Re2 {[%clk 0:29:43]} Rb3+
{[%clk 0:40:38]} 37. Re3 {[%clk 0:30:01]} Rb2 {[%clk 0:40:50]} 38. Kg2 {[%clk
0:29:43]} Rb1 {[%clk 0:40:57]} 39. g4 {[%clk 0:29:23]} Rb5 {[%clk 0:40:05]} 40.
gxh5 {[%clk 0:28:26]} Rxh5 {[%clk 0:40:20]} 41. Rg3 {[%clk 0:28:37]} Kh6 {[%clk
0:36:24]} 1/2-1/2

[Event "DEM U10 2020"]
[Site "Willingen GER"]
[Date "2020.10.31"]
[Round "7"]
[White "Huang, Luca Hanson"]
[Black "Conrad, Marius"]
[Result "1-0"]
[Termination "normal"]
[Board "26"]
[WhiteElo "1570"]
[BlackElo "1645"]
[WhiteClock "00:30:47"]
[BlackClock "00:49:19"]
[PlyCount "59"]
[WhiteFideId "16279182"]
[BlackFideId "16299078"]
[EventCountry "GER"]
[EventRounds "7"]
[EventType "swiss"]
[EventDate "2020.10.26"]

1. d4 {[%clk 1:15:50]} d5 {[%clk 1:15:50]} 2. Bf4 {[%clk 1:16:10]} Nf6 {[%clk
1:15:58]} 3. e3 {[%clk 1:16:33]} c5 {[%clk 1:15:52]} 4. c3 {[%clk 1:16:49]} Nc6
{[%clk 1:15:56]} 5. Nd2 {[%clk 1:17:03]} Bf5 {[%clk 1:15:54]} 6. Ngf3 {[%clk
1:16:27]} Qb6 {[%clk 1:15:10]} 7. Qb3 {[%clk 1:16:12]} c4 {[%clk 1:15:10]} 8.
Qxb6 {[%clk 1:15:52]} axb6 {[%clk 1:15:24]} 9. Be2 {[%clk 1:16:09]} h6 {[%clk
1:14:22]} 10. O-O {[%clk 1:14:40]} e6 {[%clk 1:14:04]} 11. b3 {[%clk 1:13:49]}
b5 {[%clk 1:13:32]} 12. bxc4 {[%clk 1:02:50]} bxc4 {[%clk 1:10:02]} 13. Ne5
{[%clk 0:58:32]} Nxe5 {[%clk 1:08:30]} 14. Bxe5 {[%clk 0:58:35]} Be7 {[%clk
1:08:41]} 15. f3 {[%clk 0:53:01]} b5 {[%clk 1:02:46]} 16. Bxf6 {[%clk 0:51:47]}
Bxf6 {[%clk 1:02:55]} 17. e4 {[%clk 0:52:13]} Bg6 {[%clk 1:00:38]} 18. Rfe1
{[%clk 0:48:41]} O-O {[%clk 0:59:41]} 19. g3 {[%clk 0:46:17]} Ra3 {[%clk
0:58:32]} 20. Nb1 {[%clk 0:44:57]} Ra6 {[%clk 0:57:56]} 21. e5 {[%clk 0:43:37]}
Be7 {[%clk 0:56:39]} 22. f4 {[%clk 0:39:46]} b4 {[%clk 0:56:22]} 23. cxb4
{[%clk 0:36:44]} Bxb4 {[%clk 0:55:34]} 24. Rc1 {[%clk 0:34:35]} Rc8 {[%clk
0:53:15]} 25. g4 {[%clk 0:32:33]} Bxb1 {[%clk 0:49:38]} 26. Rcxb1 {[%clk
0:31:04]} Bc3 {[%clk 0:49:26]} 27. Rc1 {[%clk 0:29:55]} Bxa1 {[%clk 0:49:46]}
28. Rxa1 {[%clk 0:30:21]} c3 {[%clk 0:49:51]} 29. Bxa6 {[%clk 0:30:47]} Rc6
{[%clk 0:49:19]} 30. Bd3 {[%clk 0:30:47]} 1-0